[Event "Cologne Chess Days op"]
[Site "Cologne"]
[Date "2009.08.29"]
[Round "4"]
[White "Meier, Tobias"]
[Black "Schreiber, Peter"]
[Result "1/2-1/2"]
[WhiteElo "2098"]
[BlackElo "1898"]
[PlyCount "38"]
[EventDate "2009.08.27"]
[EventType "swiss"]
[EventRounds "7"]
[EventCountry "GER"]
[SourceTitle "EXT 2011"]
[Source "ChessBase"]
[SourceDate "2010.11.26"]
[SourceVersion "1"]
[SourceVersionDate "2010.11.26"]
[SourceQuality "1"]

1. e4 e5 2. Nf3 Nc6 3. Bc4 Nf6 4. d4 exd4 5. 0-0 Bc5 6. e5 d5 7. Bb5 Ne4 8. Nxd4 Bd7 9. Bxc6 bxc6 10. c3 Qh4 11. Be3 Bb6 12. Nd2 0-0 13. Re1 f5 14. f4 Rab8 15. N2f3 Qg4 16. Rb1 c5 17. Nb3 Bc6 18. Nfd2 Qxd1 19. Rexd1 Ba4 1/2-1/2

[Event "Cologne-ch 54th"]
[Site "Cologne"]
[Date "2007.03.14"]
[Round "2"]
[White "Lemanczyk, Thomas"]
[Black "Meier, Tobias"]
[Result "1/2-1/2"]
[WhiteElo "2270"]
[BlackElo "2119"]
[PlyCount "51"]
[EventDate "2007.02.06"]
[EventType "swiss"]
[EventRounds "7"]
[EventCountry "GER"]
[SourceTitle "EXT 2010"]
[Source "ChessBase"]
[SourceDate "2010.11.25"]
[SourceVersion "1"]
[SourceVersionDate "2010.11.25"]
[SourceQuality "1"]

1. Nf3 c5 2. c4 Nf6 3. d4 cxd4 4. Nxd4 a6 5. Nc3 e6 6. e4 Qc7 7. a3 b6 8. Be2 Bb7 9. f3 d6 10. Be3 Nbd7 11. Rc1 Rc8 12. 0-0 Be7 13. Qe1 0-0 14. Qf2 Qb8 15. Rfd1 Bd8 16. g4 Bc7 17. g5 Ne8 18. b4 g6 19. f4 Qa8 20. f5 Ne5 21. fxe6 fxe6 22. Qh4 Ng7 23. Rf1 Rxf1+ 24. Rxf1 Rf8 25. Rf6 Qe8 26. Qh3 1/2-1/2

[Event "Bergisch Gladbach-ch"]
[Site "Bergisch Gladbach"]
[Date "2006.09.08"]
[Round "3"]
[White "Meier, Tobias"]
[Black "Kamphausen, Johannes Dieter"]
[Result "1/2-1/2"]
[WhiteElo "1849"]
[BlackElo "1808"]
[PlyCount "78"]
[EventDate "2006.08.25"]
[EventType "swiss"]
[EventRounds "7"]
[EventCountry "GER"]
[SourceTitle "EXT 2008"]
[Source "ChessBase"]
[SourceDate "2007.11.25"]
[SourceVersion "1"]
[SourceVersionDate "2007.11.25"]
[SourceQuality "1"]

1. e4 c5 2. Nc3 Nc6 3. Nge2 g6 4. d4 cxd4 5. Nxd4 Bg7 6. Be3 d6 7. Be2 Nf6 8. 0-0 0-0 9. Kh1 d5 10. exd5 Nb4 11. d6 Qxd6 12. Ncb5 Qb8 13. Bf3 Nbd5 14. Bg5 a6 15. Na3 e5 16. c4 Nb4 17. Ndc2 Nxc2 18. Nxc2 Be6 19. Ne3 e4 20. Bxf6 Bxf6 21. Bxe4 Qc7 22. Qf3 Bg7 23. Rac1 Rab8 24. b3 Qa5 25. Rc2 Rfd8 26. Bxb7 Rd2 27. Rxd2 Qxd2 28. c5 Qxa2 29. b4 Qb3 30. Qe4 a5 31. Rb1 Qc3 32. c6 axb4 33. Qxb4 Qxb4 34. Rxb4 Be5 35. Nc4 Bc7 36. Ne3 Kf8 37. Rd4 Ke7 38. Nd5+ Bxd5 39. Rxd5 Rd8 1/2-1/2

[Event "Bergisch Gladbach-ch"]
[Site "Bergisch Gladbach"]
[Date "2006.09.01"]
[Round "2"]
[White "Holzem, Christopher"]
[Black "Meier, Tobias"]
[Result "1/2-1/2"]
[WhiteElo "1648"]
[BlackElo "1849"]
[PlyCount "38"]
[EventDate "2006.08.25"]
[EventType "swiss"]
[EventRounds "7"]
[EventCountry "GER"]
[SourceTitle "EXT 2008"]
[Source "ChessBase"]
[SourceDate "2007.11.25"]
[SourceVersion "1"]
[SourceVersionDate "2007.11.25"]
[SourceQuality "1"]

1. d4 Nf6 2. c4 e5 3. dxe5 Ne4 4. Nd2 Bb4 5. Ngf3 Nc6 6. Qc2 Nxd2 7. Bxd2 Bxd2+ 8. Qxd2 Qe7 9. Qc3 b6 10. e3 Bb7 11. Be2 0-0-0 12. 0-0-0 g5 13. h3 h5 14. Kb1 g4 15. Nd4 Nxd4 16. exd4 Bxg2 17. Rh2 gxh3 18. Bf3 Rdg8 19. Bxg2 hxg2 1/2-1/2

[Event "Cologne-ch"]
[Site "Cologne"]
[Date "2006.03.18"]
[Round "5"]
[White "Anderton, Philip"]
[Black "Meier, Tobias"]
[Result "1/2-1/2"]
[WhiteElo "2008"]
[BlackElo "2144"]
[PlyCount "97"]
[EventDate "2006.02.27"]
[EventType "swiss"]
[EventRounds "7"]
[EventCountry "GER"]
[SourceTitle "EXT 2007"]
[Source "ChessBase"]
[SourceDate "2006.11.23"]
[SourceVersion "1"]
[SourceVersionDate "2006.11.23"]
[SourceQuality "1"]

1. d4 Nf6 2. c4 d6 3. Nc3 e5 4. dxe5 dxe5 5. Qxd8+ Kxd8 6. Nf3 Nbd7 7. a3 h6 8. e4 c6 9. Nd2 Bc5 10. f3 Kc7 11. b4 Be3 12. c5 Nf8 13. Nc4 Bxc1 14. Rxc1 Ng6 15. Nd1 Be6 16. Nde3 Rad8 17. h4 Nh5 18. Kf2 f6 19. Nd6 Rhf8 20. g3 Ne7 21. Bc4 Bxc4 22. Nexc4 g6 23. a4 Ng7 24. Rhd1 Nc8 25. Nxc8 Rxd1 26. Rxd1 Rxc8 27. Nd6 Rd8 28. Ke3 Ne6 29. f4 b6 30. Rc1 exf4+ 31. gxf4 bxc5 32. bxc5 Nxc5 33. Nb5+ Kb6 34. Nd4 Rxd4 35. Rb1+ Nb3 36. Rxb3+ Kc5 37. Rc3+ Rc4 38. Rd3 g5 39. hxg5 hxg5 40. fxg5 fxg5 41. e5 Rh4 42. Rd7 Kb6 43. e6 Rh6 44. e7 Re6+ 45. Kd4 g4 46. a5+ Kxa5 47. Kc5 a6 48. Rd3 Ka4 49. Rd4+ 1/2-1/2

[Event "Solingen op-A"]
[Site "Solingen"]
[Date "2005.05.26"]
[Round "2"]
[White "Van der Weide, Karel"]
[Black "Meier, Tobias"]
[Result "1-0"]
[WhiteElo "2472"]
[BlackElo "2186"]
[PlyCount "65"]
[EventDate "2005.05.26"]
[EventType "swiss"]
[EventRounds "7"]
[EventCountry "GER"]
[SourceTitle "EXT 2006"]
[Source "ChessBase"]
[SourceDate "2005.11.24"]
[SourceVersion "1"]
[SourceVersionDate "2005.11.24"]
[SourceQuality "1"]

1. e4 c5 2. Nf3 e6 3. d4 cxd4 4. Nxd4 a6 5. Nc3 Qc7 6. Bd3 Nf6 7. Qe2 d6 8. f4 Nbd7 9. 0-0 b6 10. Kh1 Bb7 11. Bd2 Be7 12. Rad1 Nc5 13. b4 Nxd3 14. cxd3 Rc8 15. Rc1 Qb8 16. a4 Nd7 17. Qg4 h5 18. Qh3 g6 19. f5 gxf5 20. exf5 e5 21. Nf3 Bf6 22. Rce1 Ke7 23. Ne4 Bxe4 24. Rxe4 Rcg8 25. d4 d5 26. Nxe5 Bxe5 27. Re2 Rg4 28. dxe5 Nf8 29. Qd3 Qb7 30. h3 Rgg8 31. b5 a5 32. Qa3+ Ke8 33. Qd6 1-0

[Event "NRW-ch U18"]
[Site "Kranenburg"]
[Date "2005.03.29"]
[Round "2"]
[White "Meier, Tobias"]
[Black "Coenen, Michael"]
[Result "1/2-1/2"]
[WhiteElo "2186"]
[BlackElo "2102"]
[PlyCount "59"]
[EventDate "2005.03.28"]
[EventType "swiss"]
[EventRounds "7"]
[EventCountry "GER"]
[SourceTitle "CBM 105 Extra"]
[Source "ChessBase"]
[SourceDate "2005.05.01"]
[SourceVersion "1"]
[SourceVersionDate "2005.05.01"]
[SourceQuality "1"]

1. b3 b6 2. Bb2 Bb7 3. d3 d5 4. f4 Nf6 5. e3 Qd7 6. Nf3 Nc6 7. Be2 0-0-0 8. 0-0 Ng4 9. Qc1 f6 10. h3 Nh6 11. a4 a5 12. Na3 Na7 13. g4 Nf7 14. Nd4 Kb8 15. Qe1 e6 16. Nab5 Nc8 17. c3 c6 18. Na3 c5 19. Ndb5 Be7 20. d4 Bc6 21. Nc2 Nfd6 22. b4 c4 23. bxa5 bxa5 24. Ba3 Bxb5 25. axb5 Nb7 26. Bxe7 Qxe7 27. e4 Nb6 28. Ne3 Rhe8 29. Qg3 Qc7 30. e5 1/2-1/2

[Event "Leverkusen-ch op"]
[Site "Leverkusen"]
[Date "2005.01.17"]
[Round "2"]
[White "Depping, Thomas"]
[Black "Meier, Tobias"]
[Result "1/2-1/2"]
[WhiteElo "1669"]
[BlackElo "2186"]
[PlyCount "44"]
[EventDate "2005.01.10"]
[EventType "swiss"]
[EventRounds "9"]
[EventCountry "GER"]
[SourceTitle "EXT 2006"]
[Source "ChessBase"]
[SourceDate "2005.11.24"]
[SourceVersion "1"]
[SourceVersionDate "2005.11.24"]
[SourceQuality "1"]

1. e4 Nc6 2. Nc3 d6 3. Bb5 a6 4. Bc4 g6 5. f4 Bg7 6. Nf3 Nf6 7. h3 e5 8. fxe5 Nxe5 9. Nxe5 dxe5 10. d3 Qd4 11. Qe2 Qb6 12. Bb3 c6 13. Be3 Qc7 14. Qf2 Be6 15. Bxe6 fxe6 16. Qd2 0-0 17. 0-0 Nh5 18. Ne2 c5 19. Rxf8+ Rxf8 20. Rf1 Rd8 21. Bg5 Rf8 22. Rxf8+ Kxf8 1/2-1/2

[Event "Bergisch Gladbach-ch 26th"]
[Site "Bergisch Gladbach"]
[Date "2004.10.08"]
[Round "6"]
[White "Meier, Tobias"]
[Black "Frede, Adolf"]
[Result "1-0"]
[WhiteElo "1934"]
[BlackElo "1816"]
[PlyCount "55"]
[EventDate "2004.09.??"]
[EventType "swiss"]
[EventRounds "7"]
[EventCountry "GER"]
[SourceTitle "EXT 2005"]
[Source "ChessBase"]
[SourceDate "2004.11.15"]
[SourceVersion "1"]
[SourceVersionDate "2004.11.15"]
[SourceQuality "1"]

1. e4 e6 2. Qe2 c5 3. f4 Nc6 4. Nf3 Nge7 5. c3 d5 6. d3 Qc7 7. g3 b6 8. Bg2 Bb7 9. 0-0 0-0-0 10. a3 a5 11. b4 cxb4 12. cxb4 axb4 13. axb4 Nxb4 14. Be3 Kb8 15. Rc1 Nec6 16. Na3 Rc8 17. Ne5 d4 18. Nb5 Qe7 19. Nxc6+ Bxc6 20. Nxd4 Bb7 21. Rcb1 Qd8 22. Ra4 Na6 23. e5 Bc5 24. Qa2 Bxd4 25. Rxd4 Qc7 26. Rc4 Qd7 27. Rxb6 Rxc4 28. Qxc4 1-0

[Event "Dortmund op-A"]
[Site "Dortmund"]
[Date "2004.07.30"]
[Round "8"]
[White "Rose, Dominik"]
[Black "Meier, Tobias"]
[Result "0-1"]
[WhiteElo "1926"]
[BlackElo "1844"]
[PlyCount "70"]
[EventDate "2004.07.??"]
[EventType "swiss"]
[EventRounds "9"]
[EventCountry "GER"]
[SourceTitle "EXT 2006"]
[Source "ChessBase"]
[SourceDate "2005.11.24"]
[SourceVersion "1"]
[SourceVersionDate "2005.11.24"]
[SourceQuality "1"]

1. Nf3 c5 2. c4 Nf6 3. g3 b6 4. Bg2 Bb7 5. 0-0 a6 6. Nc3 d6 7. Re1 Qc7 8. e4 e6 9. d4 cxd4 10. Nxd4 Nbd7 11. Be3 Rc8 12. Rc1 Qb8 13. b3 Be7 14. Qe2 0-0 15. Rc2 Rfe8 16. Bc1 Bd8 17. Bb2 Bc7 18. Qd1 Rcd8 19. Rce2 Qa7 20. Kh1 Nf8 21. Qd2 Ng6 22. h3 Qb8 23. Nc2 h5 24. Qg5 Nf8 25. Nd5 exd5 26. Bxf6 Ne6 27. Qf5 gxf6 28. Qxf6 dxc4 29. Ne3 Rd7 30. Nd5 Ng7 31. Nf4 cxb3 32. Bf3 Re5 33. g4 Bd8 34. Qh6 Bg5 35. Nxh5 Bxh6 0-1

[Event "Cologne Longerich op 3rd"]
[Site "Cologne"]
[Date "2004.07.10"]
[Round "3"]
[White "Boedecker, Arndt"]
[Black "Meier, Tobias"]
[Result "1/2-1/2"]
[WhiteElo "1785"]
[BlackElo "1972"]
[PlyCount "82"]
[EventDate "2004.06.26"]
[EventType "swiss"]
[EventRounds "7"]
[EventCountry "GER"]
[SourceTitle "EXT 2006"]
[Source "ChessBase"]
[SourceDate "2005.11.24"]
[SourceVersion "1"]
[SourceVersionDate "2005.11.24"]
[SourceQuality "1"]

1. d4 d6 2. c4 g6 3. Nc3 c6 4. e4 Bg7 5. Be3 Qc7 6. f3 a5 7. Qd2 Bd7 8. Bd3 h5 9. Nge2 h4 10. 0-0 Nf6 11. c5 Nh5 12. Rac1 dxc5 13. dxc5 Be6 14. f4 Bg4 15. Bd4 Bxd4+ 16. Nxd4 h3 17. g3 Nd7 18. Qe3 Rd8 19. Be2 Ndf6 20. Nf3 Be6 21. Ng5 Bg4 22. Rcd1 Bd7 23. Bc4 0-0 24. Nxf7 Rxf7 25. e5 Nd5 26. Rxd5 cxd5 27. Nxd5 Qb8 28. Nxe7+ Kf8 29. Nxg6+ Kg7 30. Bxf7 Kxf7 31. f5 Bb5 32. e6+ Kg7 33. Qc3+ Nf6 34. Nf4 Bxf1 35. Nh5+ Kg8 36. Qxf6 Qc7 37. Qg5+ Kh8 38. Qf6+ Kh7 39. Qg6+ Kh8 40. Qf6+ Kg8 41. Qg5+ Kh8 1/2-1/2

[Event "Cologne Longerich op 3rd"]
[Site "Cologne"]
[Date "2004.07.03"]
[Round "2"]
[White "Meier, Tobias"]
[Black "Wiedermann, Lars"]
[Result "1/2-1/2"]
[WhiteElo "1972"]
[BlackElo "1651"]
[PlyCount "48"]
[EventDate "2004.06.26"]
[EventType "swiss"]
[EventRounds "7"]
[EventCountry "GER"]
[SourceTitle "EXT 2006"]
[Source "ChessBase"]
[SourceDate "2005.11.24"]
[SourceVersion "1"]
[SourceVersionDate "2005.11.24"]
[SourceQuality "1"]

1. e4 e5 2. Nf3 Nc6 3. Bc4 d6 4. d4 exd4 5. Nxd4 Ne5 6. Bb3 Nf6 7. 0-0 Be7 8. f4 Bg4 9. Qe1 Nc6 10. Nxc6 bxc6 11. f5 d5 12. h3 h5 13. hxg4 Bc5+ 14. Be3 d4 15. Bf2 hxg4 16. e5 Nh5 17. g3 Rb8 18. e6 f6 19. Qe4 Qd6 20. Qxg4 Rxb3 21. axb3 d3 22. Kg2 Qd5+ 23. Qf3 Nf4+ 24. gxf4 Rh2+ 1/2-1/2